En busca del tiempo perdido (Registro nro. 10625)

Detalles MARC
000 -CABECERA
Longitud fija campo de control 00676nam a2200193 a 4500
003 - • IDENTIFICADOR DELl NÚMERO DE CONTROL
Identificador del número de control CO-ViMGA
008 - • CÓDIGOS DE INFORMACIÓN DE LONGITUD FIJA
Códigos de información de longitud fija 141112s2004 ck r 000 u spa d
040 ## - FUENTE DE LA CATALOGACIÓN
Centro catalogador de origen CO-ViMGA
Lengua de catalogación spa
Centro transcriptor CO-ViMGA
082 ## - • NÚMERO DE LA CLASIFICACIÓN DECIMAL DEWEY
Número de clasificación (R) 843.912 P768
100 1# - • PUNTO DE ACCESO PRINCIPAL-NOMBRE DE PERSONA
Nombre de persona Proust, Marcel
245 10 - • TITULO PROPIAMENTE DICHO
Título En busca del tiempo perdido
300 ## - • DESCRIPCIÓN FÍSICA
Extensión 6 Vol
500 ## - • NOTA GENERAL
Nota general Solicitar el ejemplar de la tabla de contenido.
505 ## - • NOTA DE CONTENIDO CON FORMATO
Nota de contenido con formato VOL.(2)A la sombra de los muchachos en flor VOL (3)El mundo de los guermontes VOL.(4)Sodoma y gomorra VOL.(5)La prisionera VOL.(6)La fugitiva VOL.(7), El tiempo recobrado
650 14 - • PUNTO DE ACCESO ADICIONAL DE MATERIA - TÉRMINO DE MATERIA
Término de materia o nombre geográfico como elemento inicial NOVELA FRANCESA
942 ## - ENTRADA DE ELEMENTOS AGREGADOS (KOHA)
Fuente de clasificaión o esquema Dewey Decimal Classification
Koha [por defecto] tipo de item LIbro
Existencias
Perdido Fuente de clasificación o esquema Estado Físico No para préstamo Forma de adquisición Localización permanente Localización actual Fecha adquisición Serie de enumeración / cronolog&íacute;a Préstamos totales Signatura completa Código de barras Fecha última consulta Número de copia Fecha del precio de reemplazo Tipo de item de Koha Fecha último préstamo
  Dewey Decimal Classification     Sala General Biblioteca Barrio Emporio - Villavicencio Biblioteca Barrio Emporio - Villavicencio 12/04/2015 Volumen. 1 | 11/jun/2009   843.912 P768 37962 05/22/2017 Ej. 1 12/04/2015 LIbro  
  Dewey Decimal Classification     Sala General Segundo Piso Biblioteca Pública Germán Arciniegas - Villavicencio Biblioteca Pública Germán Arciniegas - Villavicencio 12/04/2015 Volumen. 1 | 11/jun/2009 1 843.912 P768 5117 04/29/2017 Ej. 1 12/04/2015 LIbro 04/29/2017









Instituto Departamental de Cultura del Meta - Red Departamental de Bibliotecas Públicas del Meta.